| 000 | 00705nam a22002057a 4500 | ||
|---|---|---|---|
| 999 |
_c611 _d611 |
||
| 003 | AR-CdUCM | ||
| 008 | 190225b ||||| |||| 00| 0 spa d | ||
| 020 | _a9681615263 | ||
| 040 |
_aMUNICIPALIDAD PROVINCIAL DEL CUSCO _cBIBLIOTECA MUNICIPAL DEL CUSCO |
||
| 082 |
_a870 / _bV39 |
||
| 100 |
_aLópez Velarde, Ramón _92386 |
||
| 245 |
_aLa Suave Patria: _by otros Poemas / _cRamón López Velarde |
||
| 260 |
_aMéxico : _bSecretaria de Eduacion Publica , _c1979. |
||
| 300 |
_a164 paginas, _c21 cm. |
||
| 505 | _aContenido: Poesía Latinoamericana -- Poesía Romántica ... | ||
| 650 |
_aPoesia Mexicana _92387 |
||
| 650 |
_aPoesia Latinoamericana _92147 |
||
| 942 |
_2ddc _cLIBROS |
||
| 945 |
_artm _d2019-02-25 |
||